Coming Up Roses - Harry Styles (All Lyrics) - Statistics

General Stats
  • This quiz has been taken 72 times
  • The average score is 247 of 280
Answer Stats
Lyrics % Correct
an
100%
And
100%
and
100%
comin'
100%
I
100%
it
100%
on
100%
roses
100%
up
100%
you
100%
your
100%
it's
98%
It's
98%
me
98%
my
98%
the
98%
to
98%
be
96%
for
96%
of
96%
only
96%
that
96%
That
96%
we
96%
But
93%
I'm
93%
Just
93%
not
93%
word
93%
all
91%
go
91%
I'll
91%
La
91%
la
91%
la,
91%
off
91%
Where
91%
words
91%
back
89%
ear
89%
If
89%
if
89%
let's
89%
talk
89%
tonight,
89%
we're
89%
about
87%
face
87%
fall
87%
rest
87%
right
87%
see
87%
seem
87%
with
87%
As
85%
flat
85%
night
85%
say
85%
seems
85%
skip
85%
truth
85%
we'll
85%
why
85%
bad
83%
chasing
83%
chest,
83%
everything
83%
hangover
83%
head
83%
scared
83%
time
83%
year
83%
flirt
80%
mean
80%
ones
80%
safe
80%
take
80%
Tell
80%
fears
78%
am
76%
appetite
76%
both
76%
clocks,
76%
could
76%
dear
76%
get
76%
out
76%
There's
76%
want
76%
fumble
74%
life
74%
test
74%
turned
74%
aligned?
72%
Does
72%
this
72%
while
72%
drive?
70%
here
70%
think
70%
us
70%
bringing
67%
closer
67%
feeling
67%
Judgin'
67%
might
67%
through
67%
devoid
65%
worried,
65%
backseating
63%
I've
63%
Now
63%
now
63%
guilty
61%
Or
61%
stay
61%
appears
57%
course,
57%
tears
57%
account
50%
wants
46%
world
17%
No matching quizzes found
Score Distribution
Percent of People with Each Score
Percentile by Number Answered
Your Score History
You have not taken this quiz